000 00843nas a2200265 4500
001 BR2013004447
003 BR-BrBNA
005 20231205122508.0
007 ta
008 230509b bl.|||p| |||| 00| 00por d
040 _aBR-BrBNA
_bpor
_cBiblioteca Nacional de Agricultura
041 _a(Pt)
072 _aQ02
100 1 _aQueiroz, M.B.
100 1 _aKieckbusch, T.G.
245 1 _aOtimização do processo de cristalização em cristalizador contínuo para fondant
650 _aXAROPE
650 _aFÉCULA
650 _aPROCESSAMENTO
650 _aTEXTURA
773 0 _tBrazilian Journal of Food Technology (Brazil)
_xISSN 1519-0900
_g(Oct-Dec 2012), V. 15(4) p. 271-279
_wBR2013004447
856 4 0 _uhttp://www.scielo.br/pdf/bjft/v15n4/aop_bjft_0911.pdf
909 _a202311
_bLúcia
_c55
_dLúcia Elande
942 _2AGRIS
_n0
_cANA
999 _c228947
_d228947